Regions of North America - Statistics

General Stats
  • This quiz has been taken 7 times
  • The average score is 19 of 24
Answer Stats
Country % Correct
Canada
100%
Mexico
100%
United States
100%
Bahamas
86%
Barbados
86%
Costa Rica
86%
Cuba
86%
Dominica
86%
El Salvador
86%
Guatemala
86%
Haiti
86%
Honduras
86%
Jamaica
86%
Panama
86%
Saint Lucia
86%
Saint Vincent and the Grenadines
86%
Trinidad and Tobago
86%
Antigua and Barbuda
71%
Belize
71%
Grenada
71%
Nicaragua
71%
Saint Kitts and Nevis
71%
Greenland
14%
Dominica Republic
0%
No matching quizzes found
Score Distribution
Percent of People with Each Score
Percentile by Number Answered
Your Score History
You have not taken this quiz